Eero Saarinen : (Registro nro. 3693)
[ vista simple ]
| 000 -LEADER | |
|---|---|
| fixed length control field | 00685nam a22002177a 4500 |
| 003 - CONTROL NUMBER IDENTIFIER | |
| control field | PE SENCICO BE |
| 005 - DATE AND TIME OF LATEST TRANSACTION | |
| control field | 20251020182622.0 |
| 008 - FIXED-LENGTH DATA ELEMENTS--GENERAL INFORMATION | |
| fixed length control field | 221215b |||||||| |||| 00| 0 eng d |
| 040 ## - CATALOGING SOURCE | |
| Original cataloging agency | PE SENCICO BE |
| Transcribing agency | PE SENCICO BE |
| 041 ## - LANGUAGE CODE | |
| Language code of text/sound track or separate title | spa |
| 082 ## - DEWEY DECIMAL CLASSIFICATION NUMBER | |
| Classification number | 720.9273 |
| Item number | S42 |
| 100 1# - MAIN ENTRY--PERSONAL NAME | |
| 9 (RLIN) | 281 |
| Personal name | Serraino, Pierluigi |
| 245 1# - TITLE STATEMENT | |
| Title | Eero Saarinen : |
| Remainder of title | 1910-1961 un expresionista estructural / |
| Statement of responsibility, etc. | Pierluigi Serraino |
| 250 ## - EDITION STATEMENT | |
| Edition statement | [1a ed.] |
| 260 ## - PUBLICATION, DISTRIBUTION, ETC. | |
| Place of publication, distribution, etc. | Köln: |
| Name of publisher, distributor, etc. | Taschen, |
| Date of publication, distribution, etc. | 2005 |
| 300 ## - PHYSICAL DESCRIPTION | |
| Extent | 96 p.: |
| Other physical details | il. col., lams., |
| Dimensions | 26 cm. |
| 600 10 - SUBJECT ADDED ENTRY--PERSONAL NAME | |
| 9 (RLIN) | 283 |
| Personal name | Saarinen, Eero |
| 650 10 - SUBJECT ADDED ENTRY--TOPICAL TERM | |
| Topical term or geographic name entry element | Arquitectos |
| Geographic subdivision | ESTADOS UNIDOS |
| 9 (RLIN) | 282 |
| 910 ## - USER-OPTION DATA (OCLC) | |
| -- | hfp |
| -- | hfp |
| 942 ## - ADDED ENTRY ELEMENTS (KOHA) | |
| Source of classification or shelving scheme | Dewey Decimal Classification |
| Koha item type | Libros |
| Classification part | 920.9273 |
| Item part | S42 |
| Fecha de la última vez que lo usaron | Número de ingreso o de inventario | Pago total | Signatura topográfica completa | Precio efectivo desde | Tipo de documento | Estado perdido | Sistema de clasificación | Estado dañado | No es para préstamo | Retirado | Ubicación permanente | Ubicación actual | Fecha de adquisición |
|---|---|---|---|---|---|---|---|---|---|---|---|---|---|
| 15/12/2022 | 16493 | 720.9273/S42 | 15/12/2022 | Libros | Dewey Decimal Classification | Biblioteca Central Lima | Biblioteca Central Lima | 15/12/2022 |